000 00599nam a2200217Ia 4500
005 20241129120223.0
008 241129s9999||||xx |||||||||||||| ||und||
020 _a9780670094363
037 _aTB
040 _aSDCL
_beng
_cSDCL
041 _aeng
_2eng
084 _aV2y7J24, R2 LR
_qSDCL
100 _aSengupta Nandini
_9729457
245 0 _aRani Durgawati: The forgotten life of a warrior queen
260 _aGurugram
_bPenguin
_c2022
300 _avii,235p.
365 _aINR
_b499
650 _aReference
942 _cTB
_hV2y7J24, R2 LR
999 _c1233871
_d1233871